Spolupráca číslicového a analógového počítača - Zariadenie pre číslicový vstup a riadenie : Výskumná úloha číslo F 68/5

Guardado en:
Detalles Bibliográficos
Autores principales: Odstrčil, Ladislav (Autor), Bachan, Ján (Autor)
Formato: Libro
Publicado: Bratislava : SVŠT v Bratislave EF, 1971
Etiquetas: Agregar Etiqueta
Sin Etiquetas, Sea el primero en etiquetar este registro!

MARC

LEADER 00000nam a22000003a 4500
001 stu234997
005 20150617230143.0
008 110928s1971----------------------------d
040 |a STU  |b slo 
041 0
100 1 |a Odstrčil, Ladislav  |4 aut 
245 1 |a Spolupráca číslicového a analógového počítača - Zariadenie pre číslicový vstup a riadenie :  |b Výskumná úloha číslo F 68/5 
260 |a Bratislava :  |b SVŠT v Bratislave EF,  |c 1971 
300 |a 60 s  |c príl. 
700 1 |a Bachan, Ján  |4 aut 
996 |b EVYSK-S-90  |c E*VYSK-S-90  |l E  |s P  |a 0  |w stu234997_0001